000 00484cam a2200145 4500500
005 20251012011348.0
041 _afre
042 _adc
100 1 0 _aPersonne, Thomas
_eauthor
245 0 0 _aPourquoi avons-nous peur des drones qui survolent ParisĀ ?
260 _c2015.
500 _a51
786 0 _nPhilosophie magazine | 88 | 4 | 2015-04-01 | p. 7-7 | 1951-1787
856 4 1 _uhttps://shs.cairn.info/magazine-philosophie-magazine-2015-4-page-7?lang=fr&redirect-ssocas=7080
999 _c1522771
_d1522771